| 000 | 00000nas 2200000zi 4500 |
| 001 | 9.944297 |
| 003 | CaOODSP |
| 005 | 20250410150522 |
| 006 | m o d f |
| 007 | cr cn |||||||| |
| 008 | 241021d19651966oncar p o f0 0eng|d |
| 040 | |aCaOODSP|beng|erda|cCaOODSP |
| 041 | 0 |aeng|afre |
| 043 | |an-cn--- |
| 086 | 1 |aNR1-1-PDF |
| 110 | 2 |aNational Research Council of Canada.|eauthor, |eissuing body. |
| 245 | 10|aReport / |cNational Research Council of Canada = Rapport / Conseil national de recherches du Canada. |
| 246 | 31|aRapport |
| 264 | 1|aOttawa : |bPublic Relations Office, National Research Council of Canada, |c[1965-1966] |
| 310 | |aAnnual |
| 336 | |atext|btxt|2rdacontent |
| 337 | |acomputer|bc|2rdamedia |
| 338 | |aonline resource|bcr|2rdacarrier |
| 362 | 1 |aBegan with: 1964/1965; ceased with: 1965/1966. |
| 546 | |aText in English and French. |
| 588 | |aDescription based on: 1964/1965; title from PDF title page. |
| 588 | |aLatest issue consulted: 1965/1966. |
| 610 | 20|aNational Research Council of Canada|vPeriodicals. |
| 650 | 0|aResearch|zCanada|vPeriodicals. |
| 650 | 0|aResearch, Industrial|zCanada|vPeriodicals. |
| 655 | 7|aPeriodicals|2lcgft |
| 780 | 00|tAnnual reports / |w(CaOODSP)9.944175 |
| 785 | 00|t... annual report of the National Research Council of Canada.|w(CaOODSP)9.944369 |
| 788 | |tReport / |efre|w(CaOODSP)9.944309 |